Catalogue & guide to Ganga Golden Jubilee Museum, Bikaner, 1960-61 / (Record no. 82612)
[ view plain ]
| 000 -LEADER | |
|---|---|
| fixed length control field | 00878cam a22002651a 4500 |
| 001 - CONTROL NUMBER | |
| control field | sa 68008849 |
| 003 - CONTROL NUMBER IDENTIFIER | |
| control field | DLC |
| 005 - DATE AND TIME OF LATEST TRANSACTION | |
| control field | 20260227112537.0 |
| 008 - FIXED-LENGTH DATA ELEMENTS--GENERAL INFORMATION | |
| fixed length control field | 851007s1961 ii f bc s000 0 eng |
| 010 ## - LIBRARY OF CONGRESS CONTROL NUMBER | |
| LC control number | sa 68008849 |
| 025 ## - OVERSEAS ACQUISITION NUMBER | |
| Overseas acquisition number | PL480: I-E-9699 |
| 035 ## - SYSTEM CONTROL NUMBER | |
| System control number | (OCoLC)12640147 |
| 040 ## - CATALOGING SOURCE | |
| Original cataloging agency | DLC |
| Transcribing agency | IU |
| Modifying agency | DLC |
| 042 ## - AUTHENTICATION CODE | |
| Authentication code | premarc |
| 043 ## - GEOGRAPHIC AREA CODE | |
| Geographic area code | a-ii--- |
| 050 00 - LIBRARY OF CONGRESS CALL NUMBER | |
| Classification number | N7307.R3 |
| Item number | G3 |
| 110 2# - MAIN ENTRY--CORPORATE NAME | |
| Corporate name or jurisdiction name as entry element | Ganga Golden Jubilee Museum. |
| 245 10 - TITLE STATEMENT | |
| Title | Catalogue & guide to Ganga Golden Jubilee Museum, Bikaner, 1960-61 / |
| Statement of responsibility, etc. | by V.S. Srivastava, curator. |
| 250 ## - EDITION STATEMENT | |
| Edition statement | [1st ed.]. |
| 260 ## - PUBLICATION, DISTRIBUTION, ETC. | |
| Place of publication, distribution, etc. | Jaipur : |
| Name of publisher, distributor, etc. | Dept. of Archaeology & Museums, Govt. of Rajasthan, |
| Date of publication, distribution, etc. | [1961] |
| 300 ## - PHYSICAL DESCRIPTION | |
| Extent | 118 p., [13] leaves of plates : |
| Other physical details | ill.(part col.) ; |
| Dimensions | 22 cm. |
| 500 ## - GENERAL NOTE | |
| General note | Includes bibliographical references. |
| 650 #0 - SUBJECT ADDED ENTRY--TOPICAL TERM | |
| Topical term or geographic name entry element | Art |
| Geographic subdivision | India |
| -- | Rajasthan |
| Form subdivision | Catalogs. |
| 700 1# - ADDED ENTRY--PERSONAL NAME | |
| Personal name | Śrivastava, Vijai Shankar, |
| Dates associated with a name | 1937- |
No items available.